[Event "XXVIII Festival Conca della Presolana A"]
[Site "Bratto - Castione della Presolana ITA"]
[Date "2008.08.24"]
[Round "3"]
[White "Salvador, Roland"]
[Black "Epishin, Vladimir V."]
[Result "0-1"]
[WhiteElo "2443"]
[BlackElo "2574"]
[PlyCount "76"]
[EventDate "2008.08.22"]

1. d4 Nf6 2. Nf3 g6 3. Nc3 d5 4. Bf4 c6 5. e3 Bg4 6. Be2 Nbd7 7. h3 Bxf3 8.
Bxf3 Bg7 9. Qd2 O-O 10. O-O Re8 11. Rad1 a5 12. e4 dxe4 13. Nxe4 Nxe4 14. Bxe4
Qb6 15. c3 e5 16. Be3 exd4 17. Bxd4 Bxd4 18. Qxd4 Nc5 19. Bf3 Rad8 20. Qc4 Nd7
21. Qf4 Ne5 22. Rxd8 Nxf3+ 23. Qxf3 Rxd8 24. b3 Qc5 25. Re1 Kg7 26. Re3 b5 27.
Rd3 Rd5 28. Rxd5 cxd5 29. Qd3 b4 30. Qd4+ Qxd4 31. cxd4 Kf6 32. f3 h5 33. Kf2
Kg5 34. Kg3 h4+ 35. Kf2 Kf4 36. Ke2 Kg3 37. Kf1 g5 38. Kg1 f5 0-1

[Event "XXVIII Festival Conca della Presolana A"]
[Site "Bratto - Castione della Presolana ITA"]
[Date "2008.08.24"]
[Round "3"]
[White "Shytaj, Luca"]
[Black "Marholev, Dimitar"]
[Result "1/2-1/2"]
[WhiteElo "2467"]
[BlackElo "2366"]
[PlyCount "26"]
[EventDate "2008.08.22"]

1. e4 e5 2. Nf3 Nc6 3. d4 exd4 4. Nxd4 Bc5 5. Nb3 Bb4+ 6. Bd2 a5 7. a3 Bxd2+ 8.
N3xd2 Nf6 9. Bc4 d5 10. exd5 Nxd5 11. O-O O-O 12. Ne4 Nb6 13. Ba2 Bf5 1/2-1/2

[Event "XXVIII Festival Conca della Presolana A"]
[Site "Bratto - Castione della Presolana ITA"]
[Date "2008.08.24"]
[Round "3"]
[White "Tatai, Stefano"]
[Black "Pesce, Gabriele"]
[Result "1-0"]
[WhiteElo "2372"]
[BlackElo "2102"]
[PlyCount "73"]
[EventDate "2008.08.22"]

1. d4 Nf6 2. c4 g6 3. Nc3 Bg7 4. e4 d6 5. Bd3 e5 6. d5 c6 7. Nge2 Nbd7 8. h3
O-O 9. g4 h5 10. Ng3 h4 11. Nf1 Nh7 12. Ne3 Bh6 13. Ng2 Bxc1 14. Qxc1 Kg7 15.
Qe3 c5 16. O-O a6 17. a3 Qg5 18. f4 exf4 19. Rxf4 Ne5 20. Be2 Bd7 21. Raf1 Qe7
22. Kh2 Ng5 23. Rf6 Nh7 24. g5 Qd8 25. Qf4 Be8 26. Ne3 Rh8 27. Ng4 Nxg4+ 28.
Bxg4 Nxf6 29. gxf6+ Kg8 30. Nd1 Qb6 31. Rf2 Ba4 32. Ne3 Kf8 33. b3 Be8 34. Nf5
Rd8 35. Bd1 Rh7 36. Rg2 Qc7 37. Rg4 1-0

[Event "XXVIII Festival Conca della Presolana A"]
[Site "Bratto - Castione della Presolana ITA"]
[Date "2008.08.24"]
[Round "3"]
[White "Tomba, Ivan"]
[Black "De Florio, Federico"]
[Result "1-0"]
[WhiteElo "2309"]
[BlackElo "2106"]
[PlyCount "75"]
[EventDate "2008.08.22"]

1. e4 c6 2. d4 d5 3. Nc3 dxe4 4. Nxe4 Nd7 5. Nf3 Ngf6 6. Bd3 Nxe4 7. Bxe4 Nf6
8. Bd3 Bg4 9. c3 e6 10. h3 Bh5 11. Bg5 Be7 12. Qe2 a5 13. g4 Bg6 14. Bxg6 hxg6
15. O-O-O a4 16. a3 Ra5 17. Ne5 Rb5 18. h4 Rb3 19. Bxf6 gxf6 20. Nd3 Bxa3 21.
bxa3 Rxc3+ 22. Kd2 Rxa3 23. Qe4 Qa5+ 24. Ke2 Ra2+ 25. Kf3 Rc2 26. Nc5 Rc3+ 27.
Kg2 Kf8 28. Nxb7 Qb4 29. Nd8 Qb6 30. Nxe6+ fxe6 31. Qxe6 Qd8 32. d5 Qe7 33.
Rhe1 Qxe6 34. dxe6 Ke7 35. Rd7+ Ke8 36. Ra7 Rxh4 37. e7 Rxg4+ 38. Kf1 1-0

[Event "XXVIII Festival Conca della Presolana A"]
[Site "Bratto - Castione della Presolana ITA"]
[Date "2008.08.24"]
[Round "3"]
[White "Tramalloni, Luca"]
[Black "Piasetski, Leon David"]
[Result "0-1"]
[WhiteElo "2109"]
[BlackElo "2314"]
[PlyCount "40"]
[EventDate "2008.08.22"]

1. d4 d6 2. c4 g6 3. Nc3 Bg7 4. e4 e5 5. Be3 exd4 6. Bxd4 Nf6 7. f3 Nc6 8. Be3
O-O 9. Nge2 Re8 10. Qd2 Ne5 11. Nd4 a6 12. Be2 c5 13. Nc2 Be6 14. b3 Qa5 15.
Nd5 Qxd2+ 16. Bxd2 Nxd5 17. cxd5 Bd7 18. O-O-O Bb5 19. Bxb5 axb5 20. a3 Nd3+
0-1

[Event "XXVIII Festival Conca della Presolana A"]
[Site "Bratto - Castione della Presolana ITA"]
[Date "2008.08.24"]
[Round "3"]
[White "Vancini, Edoardo"]
[Black "Bernardi, Ruben"]
[Result "1-0"]
[WhiteElo "2273"]
[BlackElo "2140"]
[PlyCount "55"]
[EventDate "2008.08.22"]

1. d4 d5 2. Nf3 c6 3. c4 a6 4. c5 Nf6 5. Nc3 Nbd7 6. Bf4 Nh5 7. Bg5 h6 8. Bd2
Nhf6 9. Bf4 Nh5 10. Be5 Nxe5 11. Nxe5 Nf6 12. e3 Be6 13. Bd3 Nd7 14. Ng6 Rg8
15. Nf4 Nf6 16. Nxe6 fxe6 17. Bg6+ Kd7 18. O-O Qc7 19. Na4 Re8 20. Nb6+ Kd8 21.
f4 Rh8 22. b4 h5 23. a4 Rh6 24. Qd3 Ne4 25. Bxe4 dxe4 26. Qxe4 Rf6 27. b5 g6
28. Qd3 1-0

[Event "XXVIII Festival Conca della Presolana A"]
[Site "Bratto - Castione della Presolana ITA"]
[Date "2008.08.24"]
[Round "3"]
[White "Vezzosi, Paolo"]
[Black "Bruno, Fabio"]
[Result "0-1"]
[WhiteElo "2352"]
[BlackElo "2453"]
[PlyCount "82"]
[EventDate "2008.08.22"]

1. c4 Nf6 2. Nc3 e6 3. Nf3 d5 4. d4 c6 5. e3 Nbd7 6. Bd3 dxc4 7. Bxc4 b5 8. Bd3
a6 9. O-O Bb7 10. a4 b4 11. Ne4 c5 12. Nxf6+ Nxf6 13. a5 cxd4 14. Qa4+ Qd7 15.
Nxd4 Rd8 16. Be2 e5 17. Bf3 Ne4 18. Qxd7+ Rxd7 19. Nf5 g6 20. Ng3 Nc5 21. Bxb7
Rxb7 22. e4 Nb3 23. Ra4 Bc5 24. Bh6 f6 25. Re1 Ke7 26. Nf1 g5 27. h4 Kf7 28.
Ng3 Kg6 29. Nf5 Nd4 30. h5+ Kf7 31. Kf1 Nxf5 32. exf5 Bd4 33. Re2 Rc8 34. g3
Rc1+ 35. Kg2 Rb1 36. f4 gxf4 37. gxf4 Rxb2 38. Rxb2 Bxb2 39. fxe5 Bxe5 40. Kf3
Ke8 41. Be3 Rb5 0-1

[Event "XXVIII Festival Conca della Presolana A"]
[Site "Bratto - Castione della Presolana ITA"]
[Date "2008.08.24"]
[Round "3"]
[White "Zinani, Alessandro"]
[Black "Pegoraro, Nicola"]
[Result "1/2-1/2"]
[WhiteElo "2240"]
[BlackElo "2021"]
[PlyCount "134"]
[EventDate "2008.08.22"]

1. d4 f5 2. Bg5 g6 3. Nc3 d5 4. g3 Bg7 5. Bg2 c6 6. Nf3 Nf6 7. O-O O-O 8. Ne5
Nbd7 9. Nxd7 Nxd7 10. h4 h6 11. Be3 e6 12. Qd2 Kh7 13. f4 Bf6 14. Nd1 Qe7 15.
Nf2 b6 16. Nd3 Ba6 17. Ne5 Nxe5 18. fxe5 Bg7 19. a4 Rfc8 20. a5 c5 21. axb6
axb6 22. Ra3 c4 23. Rfa1 Bb7 24. Rxa8 Rxa8 25. Rxa8 Bxa8 26. Qc3 Bf8 27. b3 Qa3
28. Bd2 b5 29. bxc4 Qxc3 30. Bxc3 bxc4 31. Bd2 Bc6 32. c3 Ba4 33. Kf2 Be7 34.
Bf3 Bd1 35. Bc1 g5 36. hxg5 hxg5 37. e3 Ba4 38. Be2 Kg7 39. Ke1 Kf8 40. Kd2 Ke8
41. Bh5+ Kf8 42. Be2 g4 43. Ke1 Bb3 44. Kd2 Ke8 45. Bb2 Kd7 46. Bc1 Kc6 47. Bb2
Kb5 48. Bc1 Ka4 49. Bb2 Kb5 50. Bc1 Ka5 51. Bb2 Ka4 52. Kc1 Ba2 53. Bd1+ Kb5
54. Be2 Bg5 55. Kd2 Ka4 56. Bd1+ Bb3 57. Be2 Bh6 58. Bc1 Bf8 59. Bb2 Be7 60.
Kc1 Kb5 61. Kd2 Kc6 62. Bc1 Kd7 63. Bb2 Ke8 64. Bc1 Kf7 65. Bb2 Kg6 66. Bc1 Kh5
67. Bb2 Kg6 1/2-1/2

[Event "XXVIII Festival Conca della Presolana A"]
[Site "Bratto - Castione della Presolana ITA"]
[Date "2008.08.25"]
[Round "4"]
[White "Angelini, Marco"]
[Black "Tomba, Ivan"]
[Result "1/2-1/2"]
[WhiteElo "1987"]
[BlackElo "2309"]
[PlyCount "79"]
[EventDate "2008.08.22"]

1. e4 c5 2. Nf3 d6 3. d4 cxd4 4. Nxd4 e6 5. c4 Nf6 6. Nc3 b6 7. Be3 Bb7 8. f3
Be7 9. Be2 O-O 10. O-O Nbd7 11. Qd2 a6 12. Nb3 Rc8 13. a4 Nc5 14. Nxc5 bxc5 15.
Bd3 Nd7 16. f4 Bf6 17. Ne2 Bc6 18. Qc2 g6 19. Rab1 Rb8 20. b3 Bg7 21. Bd2 f5
22. exf5 gxf5 23. Bc3 Nf6 24. Ng3 Rb7 25. Qe2 Re8 26. Rfe1 Ng4 27. Bxg7 Rxg7
28. Nf1 Qf6 29. Qb2 Qh6 30. g3 Nf6 31. Qf2 Nh5 32. Ne3 Nxf4 33. Bf1 Nh5 34. Bg2
Bxg2 35. Qxg2 f4 36. Nf5 Qf6 37. Nxg7 Qxg7 38. gxf4 Nxf4 39. Qxg7+ Kxg7 40. Re3
1/2-1/2

[Event "XXVIII Festival Conca della Presolana A"]
[Site "Bratto - Castione della Presolana ITA"]
[Date "2008.08.25"]
[Round "4"]
[White "Bernardi, Ruben"]
[Black "Bertagia, Roldano"]
[Result "1-0"]
[WhiteElo "2140"]
[BlackElo "2019"]
[PlyCount "133"]
[EventDate "2008.08.22"]

1. e4 e5 2. Nf3 Nc6 3. Nc3 Nf6 4. g3 Bc5 5. Bg2 d6 6. O-O O-O 7. h3 Be6 8. d3
Qe7 9. Na4 Bb6 10. Nxb6 axb6 11. b3 d5 12. exd5 Nxd5 13. Bb2 f6 14. c4 Ndb4 15.
a3 Na6 16. b4 Naxb4 17. axb4 Qxb4 18. Qc2 Rfd8 19. Rfd1 Rxa1 20. Bxa1 Na5 21.
Qe2 Bf7 22. Kh2 Qb3 23. Rd2 Qa4 24. Bb2 Nb3 25. Rd1 Nc5 26. Ra1 Qb3 27. Ra3 Qb4
28. Bf1 Bg6 29. d4 Bd3 30. Qd2 Qxd2 31. Nxd2 Bxf1 32. Nxf1 exd4 33. Nd2 f5 34.
Kg2 Kf7 35. Kf1 d3 36. Ke1 g5 37. Nf3 Ne4 38. Ne5+ Ke6 39. Nxd3 Kd6 40. f3 Nc5
41. Be5+ Ke6 42. Nxc5+ Kxe5 43. Re3+ Kf6 44. Nb3 Ra8 45. Ke2 Ra2+ 46. Nd2 Ra1
47. Kf2 Rc1 48. Rd3 Ke6 49. Re3+ Kd6 50. Re2 c6 51. g4 fxg4 52. fxg4 h6 53. Re3
Rh1 54. Ke2 Ra1 55. Kf3 Rc1 56. Ke4 b5 57. Rd3+ Ke6 58. cxb5 c5 59. Rf3 Rd1 60.
Kd3 b6 61. Kc2 Ra1 62. Nc4 Ra8 63. Re3+ Kf7 64. Kb3 Rb8 65. Ne5+ Kg7 66. Nd7
Rb7 67. Re7+ 1-0

[Event "XXVIII Festival Conca della Presolana A"]
[Site "Bratto - Castione della Presolana ITA"]
[Date "2008.08.25"]
[Round "4"]
[White "Boccalatte, Piero"]
[Black "Moncelli, Giorgio"]
[Result "1/2-1/2"]
[WhiteElo "2011"]
[BlackElo "2105"]
[PlyCount "20"]
[EventDate "2008.08.22"]

1. d4 d5 2. c4 e6 3. Nc3 Nf6 4. Bg5 Be7 5. cxd5 exd5 6. e3 c6 7. Bd3 O-O 8. Qc2
Nbd7 9. Nge2 Re8 10. O-O Nf8 1/2-1/2

[Event "XXVIII Festival Conca della Presolana A"]
[Site "Bratto - Castione della Presolana ITA"]
[Date "2008.08.25"]
[Round "4"]
[White "Borgo, Giulio"]
[Black "Drazic, Sinisa"]
[Result "1/2-1/2"]
[WhiteElo "2442"]
[BlackElo "2505"]
[PlyCount "20"]
[EventDate "2008.08.22"]

1. e4 c5 2. Nf3 Nc6 3. Bb5 d6 4. d4 cxd4 5. Qxd4 Bd7 6. Bxc6 Bxc6 7. Nc3 e6 8.
Bg5 f6 9. Be3 Ne7 10. O-O-O Ng6 1/2-1/2

[Event "XXVIII Festival Conca della Presolana A"]
[Site "Bratto - Castione della Presolana ITA"]
[Date "2008.08.25"]
[Round "4"]
[White "Bruno, Fabio"]
[Black "Matamoros Franco, Carlos S."]
[Result "1/2-1/2"]
[WhiteElo "2453"]
[BlackElo "2508"]
[PlyCount "82"]
[EventDate "2008.08.22"]

1. d4 Nf6 2. c4 g6 3. Nc3 Bg7 4. Nf3 O-O 5. Bf4 c5 6. d5 d6 7. e4 e6 8. Be2
exd5 9. exd5 Re8 10. O-O Ne4 11. Nxe4 Rxe4 12. Bg5 Bf6 13. Bd3 Re8 14. Qd2 Nd7
15. Rae1 Rxe1 16. Rxe1 Bxg5 17. Qxg5 Nf6 18. Qh4 Kg7 19. Ng5 Bd7 20. Re3 Qf8
21. Rf3 Qe7 22. Ne4 Nxd5 23. Qg3 Nb4 24. Nxd6 Rf8 25. h4 Nxd3 26. Rxd3 h5 27.
Qf4 Bc6 28. Nf5+ gxf5 29. Rg3+ Kf6 30. Re3 Be4 31. f3 Qe5 32. Qg5+ Ke6 33. fxe4
fxe4 34. Qh6+ Ke7 35. Qh7 Qd4 36. Qxe4+ Qxe4 37. Rxe4+ Kd6 38. Kf2 Rg8 39. b3
f5 40. Re2 Rg4 41. Rd2+ Ke5 1/2-1/2

[Event "XXVIII Festival Conca della Presolana A"]
[Site "Bratto - Castione della Presolana ITA"]
[Date "2008.08.25"]
[Round "4"]
[White "Castelfranchi, Carlo"]
[Black "Burlando, Alessandro"]
[Result "0-1"]
[WhiteElo "2088"]
[BlackElo "2161"]
[PlyCount "50"]
[EventDate "2008.08.22"]

1. e4 e6 2. d4 d5 3. Nd2 Be7 4. Ngf3 Nf6 5. e5 Nfd7 6. Bd3 c5 7. c3 Nc6 8. O-O
g5 9. dxc5 g4 10. Nd4 Ndxe5 11. Bb5 Bd7 12. f4 gxf3 13. N2xf3 Ng6 14. Bxc6 bxc6
15. Bh6 f6 16. h4 e5 17. h5 exd4 18. Qxd4 Nf8 19. Rae1 Ne6 20. Qg4 Qc7 21. Bg7
Rg8 22. Rxe6 Bxe6 23. Qxe6 Rxg7 24. h6 Rg6 25. Ne5 Qxe5 0-1

[Event "XXVIII Festival Conca della Presolana A"]
[Site "Bratto - Castione della Presolana ITA"]
[Date "2008.08.25"]
[Round "4"]
[White "Cereda, Loris"]
[Black "Vezzosi, Paolo"]
[Result "0-1"]
[WhiteElo "2043"]
[BlackElo "2352"]
[PlyCount "42"]
[EventDate "2008.08.22"]

1. e4 c6 2. d4 d5 3. exd5 cxd5 4. Bd3 Nc6 5. c3 Qc7 6. Nf3 Bg4 7. Nbd2 e6 8.
O-O Bd6 9. Re1 Bxh2+ 10. Kf1 Bd6 11. Qa4 Nge7 12. Ne5 Bf5 13. Bxf5 Nxf5 14.
Ndf3 O-O 15. Qc2 Ncxd4 16. Qd3 Nxf3 17. Nxf3 h5 18. g3 Qc4 19. Qxc4 dxc4 20.
Ne5 Bxe5 21. Rxe5 Rfd8 0-1

[Event "XXVIII Festival Conca della Presolana A"]
[Site "Bratto - Castione della Presolana ITA"]
[Date "2008.08.25"]
[Round "4"]
[White "Colovic, Aleksandar"]
[Black "Narayanan, Srinath"]
[Result "1/2-1/2"]
[WhiteElo "2470"]
[BlackElo "2220"]
[PlyCount "34"]
[EventDate "2008.08.22"]

1. c4 Nf6 2. Nc3 c5 3. g3 g6 4. Bg2 Bg7 5. a3 Nc6 6. Rb1 a5 7. d3 d6 8. Nh3 d5
9. cxd5 Nxd5 10. Nxd5 Bxh3 11. Nf6+ Bxf6 12. Bxh3 O-O 13. O-O e6 14. Bh6 Re8
15. Bg2 Rc8 16. Qa4 Nd4 17. Qd1 b5 1/2-1/2

[Event "XXVIII Festival Conca della Presolana A"]
[Site "Bratto - Castione della Presolana ITA"]
[Date "2008.08.25"]
[Round "4"]
[White "D'Apa, Matteo"]
[Black "Zoldan, Matteo"]
[Result "0-1"]
[WhiteElo "2095"]
[BlackElo "2203"]
[PlyCount "36"]
[EventDate "2008.08.22"]

1. d4 Nf6 2. c4 g6 3. Nc3 Bg7 4. e4 d6 5. f3 O-O 6. Be3 c5 7. d5 e6 8. Qd2 exd5
9. exd5 Re8 10. O-O-O a6 11. Bh6 Bh8 12. h4 Nbd7 13. g4 b5 14. h5 Ne5 15. Bg5
b4 16. Nb1 Qa5 17. Bxf6 Bxf6 18. g5 Qxa2 0-1

[Event "XXVIII Festival Conca della Presolana A"]
[Site "Bratto - Castione della Presolana ITA"]
[Date "2008.08.25"]
[Round "4"]
[White "Damia, Angelo"]
[Black "Andreoli, Renato"]
[Result "1-0"]
[WhiteElo "2247"]
[BlackElo "2139"]
[PlyCount "63"]
[EventDate "2008.08.22"]

1. e4 e5 2. Nf3 Nc6 3. Nc3 Nf6 4. a3 g6 5. Nxe5 Nxe5 6. d4 Nc6 7. d5 Bg7 8.
dxc6 bxc6 9. Bc4 O-O 10. O-O Re8 11. Qf3 Bb7 12. Bg5 h6 13. Bh4 g5 14. Bg3 d5
15. Rad1 Nxe4 16. Nxe4 Rxe4 17. Bd3 Re8 18. Qf5 Bc8 19. Qh7+ Kf8 20. f4 g4 21.
f5 Qf6 22. Bxc7 Bd7 23. Bg3 c5 24. Rf4 c4 25. Rxg4 cxd3 26. Rxg7 Ke7 27. Rxf7+
Qxf7 28. Bd6+ Kxd6 29. Qxf7 Rf8 30. Qg6+ Kc7 31. Rxd3 Rxf5 32. Qg3+ 1-0

[Event "XXVIII Festival Conca della Presolana A"]
[Site "Bratto - Castione della Presolana ITA"]
[Date "2008.08.25"]
[Round "4"]
[White "Davi, Alessandro"]
[Black "Pagnoncelli, Marco"]
[Result "0-1"]
[WhiteElo "2009"]
[BlackElo "2126"]
[PlyCount "54"]
[EventDate "2008.08.22"]

1. d4 Nf6 2. c4 c5 3. d5 b5 4. cxb5 a6 5. b6 d6 6. Nc3 Nbd7 7. e4 g6 8. Nf3 Bg7
9. a4 Qxb6 10. Nd2 O-O 11. Nc4 Qc7 12. Be2 Nb6 13. Ne3 e6 14. a5 Nbd7 15. O-O
Rb8 16. Nc4 exd5 17. Nxd5 Nxd5 18. Qxd5 Be5 19. Nxe5 Nxe5 20. Rd1 Rd8 21. Bg5
Rd7 22. f4 Rxb2 23. Bxa6 Ng4 24. Bxc8 Qxc8 25. Ra3 Qa6 26. Re1 Rdb7 27. h3 Qe2
0-1

[Event "XXVIII Festival Conca della Presolana A"]
[Site "Bratto - Castione della Presolana ITA"]
[Date "2008.08.25"]
[Round "4"]
[White "De Filomeno, Simone"]
[Black "Brun, Dario"]
[Result "1/2-1/2"]
[WhiteElo "2102"]
[BlackElo "2245"]
[PlyCount "95"]
[EventDate "2008.08.22"]

1. e4 e5 2. Nf3 Nc6 3. Bb5 a6 4. Ba4 Nf6 5. d3 b5 6. Bb3 Be7 7. c3 d6 8. Nbd2
O-O 9. Nf1 Na5 10. Bc2 c5 11. Ng3 Re8 12. O-O Bf8 13. h3 h6 14. Re1 Nc6 15. a4
b4 16. d4 cxd4 17. cxd4 Qc7 18. Be3 Bd7 19. Rc1 Rec8 20. Bb3 Qb8 21. Re2 Na5
22. Rxc8 Bxc8 23. dxe5 dxe5 24. Bd5 Bb7 25. b3 Qd8 26. Rd2 Bxd5 27. exd5 e4 28.
Ne5 Bd6 29. Nc6 Qc7 30. Nxa5 Bxg3 31. Nc4 Bh2+ 32. Kf1 Bd6 33. Nb6 Rd8 34. Rc2
Qb7 35. Rc6 Bc7 36. Rxf6 gxf6 37. Bxh6 f5 38. Qd4 f6 39. Qxf6 Bxb6 40. Qg6+ Kh8
41. Bg5 Rf8 42. Bf6+ Rxf6 43. Qxf6+ Kg8 44. Qxf5 Qf7 45. Qg4+ Kf8 46. Qc8+ Kg7
47. Qg4+ Kf8 48. Qc8+ 1/2-1/2

[Event "XXVIII Festival Conca della Presolana A"]
[Site "Bratto - Castione della Presolana ITA"]
[Date "2008.08.25"]
[Round "4"]
[White "De Florio, Federico"]
[Black "Cugini, Verter"]
[Result "1-0"]
[WhiteElo "2106"]
[BlackElo "2167"]
[PlyCount "145"]
[EventDate "2008.08.22"]

1. d4 d6 2. Nf3 Nf6 3. Bg5 Nbd7 4. Nbd2 h6 5. Bh4 g6 6. e3 Bg7 7. Be2 O-O 8.
O-O c5 9. c3 b6 10. Qb3 Bb7 11. a4 Qc7 12. Rfd1 e5 13. dxe5 dxe5 14. Nc4 g5 15.
Bg3 Ne4 16. Nfd2 Nxg3 17. hxg3 e4 18. Nf1 Rad8 19. Nd6 Ne5 20. Nf5 c4 21. Qc2
a6 22. g4 Rxd1 23. Rxd1 Re8 24. Nd6 Re6 25. Nxb7 Qxb7 26. Rd8+ Bf8 27. Rd4 b5
28. Rxe4 Bc5 29. Ng3 Qd5 30. Nf5 Nd3 31. Rxe6 fxe6 32. Bf3 Qd7 33. Nd4 bxa4 34.
Bc6 Qc7 35. Bxa4 Bxd4 36. cxd4 Kg7 37. Qc3 Qe7 38. f3 h5 39. gxh5 g4 40. Bd1 g3
41. f4 Qf6 42. d5 Qxc3 43. bxc3 exd5 44. Bf3 d4 45. exd4 Nxf4 46. d5 a5 47. d6
a4 48. d7 Ne6 49. Bd5 Nd8 50. Bxc4 Kh6 51. Kf1 Kxh5 52. Ke2 Kg5 53. Kd2 Kf4 54.
Kc2 Ke3 55. Bd5 a3 56. Kb3 Kd3 57. c4 Kd4 58. Kxa3 Kc5 59. Ka4 Kd6 60. Kb5 Kxd7
61. c5 Kc7 62. Kc4 Nc6 63. Bxc6 Kxc6 64. Kd4 Kc7 65. Ke4 Kc6 66. Kf3 Kxc5 67.
Kxg3 Kd6 68. Kf4 Ke7 69. Ke5 Kf8 70. Kf6 Kg8 71. g4 Kf8 72. g5 Kg8 73. Kg6 1-0

[Event "XXVIII Festival Conca della Presolana A"]
[Site "Bratto - Castione della Presolana ITA"]
[Date "2008.08.25"]
[Round "4"]
[White "De Santis, Alessio"]
[Black "Podini, Francesco"]
[Result "1-0"]
[WhiteElo "2295"]
[BlackElo "2051"]
[PlyCount "45"]
[EventDate "2008.08.22"]

1. d4 Nf6 2. c4 c5 3. d5 b5 4. cxb5 a6 5. f3 g6 6. e4 d6 7. Nc3 Bg7 8. a4 O-O
9. Ra3 e6 10. Bc4 Re8 11. Nge2 Bb7 12. O-O Qc7 13. dxe6 fxe6 14. Nf4 Bc8 15.
Ncd5 Qd8 16. b6 exd5 17. Bxd5+ Nxd5 18. Qxd5+ Kh8 19. Qxa8 Qxb6 20. Nd5 Qb7 21.
Qxb7 Bxb7 22. Rd1 Bd4+ 23. Be3 1-0

[Event "XXVIII Festival Conca della Presolana A"]
[Site "Bratto - Castione della Presolana ITA"]
[Date "2008.08.25"]
[Round "4"]
[White "Di Fonzo, Valerio"]
[Black "Garano, Nicola"]
[Result "1/2-1/2"]
[WhiteElo "2212"]
[BlackElo "2265"]
[PlyCount "115"]
[EventDate "2008.08.22"]

1. e4 c5 2. Nf3 Nc6 3. d4 cxd4 4. Nxd4 Nf6 5. Nc3 e5 6. Ndb5 d6 7. Bg5 a6 8.
Na3 b5 9. Nd5 Be7 10. Bxf6 Bxf6 11. c3 O-O 12. Nc2 Rb8 13. Be2 Bg5 14. O-O f5
15. Bf3 g6 16. Ncb4 Bb7 17. Nxc6 Bxc6 18. a3 Kh8 19. Qd3 Bb7 20. Rad1 Bxd5 21.
Qxd5 Be7 22. Rd3 Qc8 23. b3 Rb6 24. Rfd1 f4 25. h3 h5 26. c4 Rc6 27. Rc3 Rc5
28. Qd3 Qc6 29. cxb5 axb5 30. Rxc5 Qxc5 31. b4 Qc4 32. Qxc4 bxc4 33. Rc1 Rc8
34. Rc3 Bd8 35. Be2 Bb6 36. Bxc4 Bd4 37. Rc2 Ra8 38. Ra2 Rc8 39. Bd5 Rc1+ 40.
Kh2 g5 41. g4 h4 42. Kg2 Rc3 43. f3 Rc1 44. a4 Rg1+ 45. Kh2 Rg3 46. a5 Bg1+ 47.
Kh1 Ba7 48. a6 Rxh3+ 49. Kg2 Rg3+ 50. Kh2 Bg1+ 51. Kh1 Ba7 52. Ra3 Rg1+ 53. Kh2
Rb1 54. Rc3 Rb2+ 55. Kh1 Rb1+ 56. Kg2 Rb2+ 57. Kh1 Rb1+ 58. Kh2 1/2-1/2

[Event "XXVIII Festival Conca della Presolana A"]
[Site "Bratto - Castione della Presolana ITA"]
[Date "2008.08.25"]
[Round "4"]
[White "Finocchiaro, Gianluca"]
[Black "Barlocco, Carlo"]
[Result "0-1"]
[WhiteElo "2021"]
[BlackElo "2150"]
[PlyCount "69"]
[EventDate "2008.08.22"]

1. e4 b6 2. d4 Bb7 3. Bd3 Nf6 4. Nc3 e6 5. Nf3 Bb4 6. Qe2 d5 7. e5 Ne4 8. Bd2
Nxd2 9. Nxd2 c5 10. Qg4 O-O 11. Nf3 cxd4 12. Bxh7+ Kxh7 13. Qh5+ Kg8 14. Ng5
Qxg5 15. Qxg5 dxc3 16. b3 Nc6 17. O-O f6 18. Qg4 Rae8 19. h3 Bc5 20. b4 Nxe5
21. Qh5 Bd6 22. f4 Nf7 23. Rf3 Nh6 24. Rg3 Bxf4 25. Rg6 d4 26. Rf1 Be3+ 27. Kh1
Be4 28. Rg3 Bxc2 29. Rff3 Kh7 30. Rxe3 dxe3 31. Rxe3 Bg6 32. Qf3 c2 33. Re1 Rd8
34. g4 Rd4 35. g5 0-1

[Event "XXVIII Festival Conca della Presolana A"]
[Site "Bratto - Castione della Presolana ITA"]
[Date "2008.08.25"]
[Round "4"]
[White "Godena, Michele"]
[Black "Klip, Hans"]
[Result "1/2-1/2"]
[WhiteElo "2519"]
[BlackElo "2390"]
[PlyCount "48"]
[EventDate "2008.08.22"]

1. e4 e5 2. Nf3 Nc6 3. Bb5 Nf6 4. d3 Bc5 5. Bxc6 dxc6 6. Be3 Qe7 7. Bxc5 Qxc5
8. Nc3 Be6 9. Qd2 h6 10. d4 exd4 11. Qxd4 Qa5 12. O-O O-O 13. Qe5 Qb6 14. Na4
Qb4 15. Nc5 Bg4 16. a3 Qc4 17. b3 Qxc2 18. Rfc1 Qe2 19. Nd4 Qd2 20. Rc2 Rae8
21. Rxd2 Rxe5 22. Nxb7 Nxe4 23. Rc2 Bd7 24. b4 c5 1/2-1/2

[Event "XXVIII Festival Conca della Presolana A"]
[Site "Bratto - Castione della Presolana ITA"]
[Date "2008.08.25"]
[Round "4"]
[White "Gutierrez Castillo, Paloma"]
[Black "Manca, Federico"]
[Result "0-1"]
[WhiteElo "2157"]
[BlackElo "2367"]
[PlyCount "48"]
[EventDate "2008.08.22"]

1. e4 d6 2. d4 Nf6 3. Bd3 g6 4. c3 Bg7 5. Nf3 O-O 6. O-O Nc6 7. d5 Nb8 8. c4
Bg4 9. h3 Bxf3 10. Qxf3 a5 11. Nc3 Na6 12. Be3 Nd7 13. Qe2 Nac5 14. Bc2 a4 15.
a3 c6 16. Rad1 Qa5 17. Bd4 Qa6 18. Bb1 Bxd4 19. Rxd4 Nb3 20. Rdd1 Ne5 21. f4
Nxc4 22. Bd3 Qa7+ 23. Rf2 Nd4 24. Qe1 Nxb2 0-1

[Event "XXVIII Festival Conca della Presolana A"]
[Site "Bratto - Castione della Presolana ITA"]
[Date "2008.08.25"]
[Round "4"]
[White "Hanly, Steven"]
[Black "Vancini, Edoardo"]
[Result "0-1"]
[WhiteElo "2020"]
[BlackElo "2273"]
[PlyCount "76"]
[EventDate "2008.08.22"]

1. d4 f5 2. Bg5 h6 3. Bh4 g5 4. e4 Nf6 5. e5 e6 6. exf6 Qxf6 7. Qh5+ Kd8 8. Nf3
gxh4 9. Qxh4 Qxh4 10. Nxh4 Rg8 11. g3 Be7 12. Nf3 b6 13. Bg2 Bb7 14. c3 c5 15.
dxc5 bxc5 16. Nbd2 Kc7 17. O-O h5 18. Ne5 Bxg2 19. Kxg2 h4 20. f4 d6 21. Nec4
Nd7 22. Rfe1 Rg6 23. Ne3 Bf8 24. Nf3 hxg3 25. hxg3 Bh6 26. Nh4 Rgg8 27. Kf3 Nf6
28. Re2 d5 29. Nf1 Ne4 30. Rg2 Raf8 31. Nd2 Rg4 32. Nxe4 dxe4+ 33. Ke3 Rd8 34.
Rh1 Rd3+ 35. Ke2 Bf8 36. Rhg1 c4 37. Rd1 Be7 38. Rxd3 cxd3+ 0-1

[Event "XXVIII Festival Conca della Presolana A"]
[Site "Bratto - Castione della Presolana ITA"]
[Date "2008.08.25"]
[Round "4"]
[White "Horvath, Csaba"]
[Black "De Haan, Eric"]
[Result "1/2-1/2"]
[WhiteElo "2537"]
[BlackElo "2356"]
[PlyCount "110"]
[EventDate "2008.08.22"]

1. d4 Nf6 2. c4 c5 3. d5 e6 4. Nc3 exd5 5. cxd5 d6 6. Nf3 g6 7. Nd2 Nbd7 8. e4
Bg7 9. Be2 O-O 10. O-O Re8 11. a4 Ne5 12. Ra3 g5 13. Qc2 g4 14. Nd1 Nh5 15. f4
gxf3 16. Nxf3 Ng4 17. Bg5 f6 18. Bh4 Nf4 19. Bb5 Re7 20. h3 Nh6 21. Ne3 a6 22.
Bc4 Ng6 23. Bg3 Nf7 24. Be2 Nfe5 25. Nd2 Re8 26. Bh5 Rf8 27. a5 Bh6 28. Ndc4
Bxe3+ 29. Nxe3 Bd7 30. Rf2 Qe7 31. Kh2 Qd8 32. Qd2 Qe7 33. Rb3 Rab8 34. Rb6
Rfd8 35. Qc3 Rf8 36. b4 Rfc8 37. bxc5 Rxc5 38. Qb3 Rxa5 39. Rxb7 Rxb7 40. Qxb7
Ra3 41. Qb6 a5 42. Rc2 Nf8 43. Rc7 Qd8 44. Qxd6 Rxe3 45. Bh4 Qb8 46. Bxf6 Rxh3+
47. gxh3 Qb2+ 48. Kg3 Qb3+ 49. Kh2 Qb2+ 50. Kg3 Qb3+ 51. Kf2 Qb2+ 52. Be2 Qd4+
53. Ke1 Qg1+ 54. Kd2 Qd4+ 55. Ke1 Qg1+ 1/2-1/2